000 00853nam a22002417a 4500
003 DO-SdBNP
005 20211025115403.0
007 ta
008 210608e2017 dr abc|jr|||| 00| 0 spa d
020 _a9789945907117
040 _aDO-SdBNP
_bspa
_cBNPHU
082 4 _222
_bN219L
100 1 _aBartolomé Narbón , Zita
_978771
245 1 0 _aLudoteca Victoria Diez :
_b¡más que un juego! /
_cZita Bartolomé Narbón , edición Margarita Bartolomé ; fotografías Wanda Espinal Peralta, Junior Hidalgo
260 _aSanto Domingo :
_bCentro Cultural Poveda,
_c2017.
300 _a204 p. :
_bil,. mapas, fotogr. ;
_c23 cm.
590 _aInventariado, 2021/MF
700 1 _aBartolomé, Margarita,
_eed.
_937462
700 1 _aEspinal Peralta, Wanda,
_efotogr.
_978772
700 1 _aHidalgo, Junior,
_efotogr.
_978773
910 _aMF
942 _2ddc
_cLBS1
999 _c49895
_d49895